00891nam a22002175i 4500001000700000003000900007005001700016008004100033080002100074100001900095245015800114260003200272300002100304490003100325500002700356500015800383500003800541700002200579830003100601852004100632176587ES-MaACL20230906220128.0110125s1954 sp a |||| | spa d a821.134.2-22"19"1 aTejedor, Luis.10aCuando la suegra es la otra_ b: comedia en tres actos, el segundo y el tercero divididos en dos momentos / coriginal de Luis Tejedor y José Alfayate. aMadrid : b[s. n., c1954?] a61 p. ; c17 cm.1 aBiblioteca teatral ; v172 aAnteportada ilustrada. aEn port. : Estrenada el día 22 de diciembre de 1953, en el Teatro Cómico, de Madrid, por la Compañía de José Alfayate con Rafaela Rodríguez. aEncuadernado con otros títulos.0 aAlfayate, José.0 aBiblioteca teatral ; v172 aES-MaACLjE-14128 (172) xOlim P-302